000 005260000a22001810004500
003 MACL
005 20160124144849.0
008 160124b xxu||||| |||| 00| 0 eng d
040 _aMACL
_cMACL
041 _aEnglish
082 _a624.176/CHO
100 _aChopra, Anil K
_934535
245 _aDynamics of Structures
_bTheory and Applications to Earthquake Engineering
260 _bPrentice Hall of India Private Ltd
_c1998
_aNew Delhi
350 _a295
650 _aCivil Engineering
_96454
942 _cBK
_k624.176/CHO
_2ddc
999 _c31710
_d31710